[Event "127th NZ Congress Major 2020"]
[Site "Tauranga"]
[Date "2020.01.17"]
[Round "4.3"]
[White "McDougall, Euan"]
[Black "Dai, Oliver"]
[Result "0-1"]
[WhiteElo "1679"]
[BlackElo "1737"]
[Annotator "NA RC"]
[PlyCount "32"]
[EventDate "2020.01.14"]
[EventType "swiss"]
[EventCountry "NZL"]
[SourceTitle "playchess.com"]
[Source "ChessBase"]
[SourceQuality "1"]
[TimeControl "40/5400+30:1800+30"]

1. e4 {[%emt 0:00:00]} c6 {[%emt 0:00:00]} 2. f4 {[%emt 0:00:00]} d5 {[%emt 0:00:01]} 3. Nc3 {[%emt 0:00:00]} dxe4 {[%emt 0:00:30]} 4. Nxe4 {[%emt 0:00:00]} Nf6 {[%emt 0:00:13]} 5. Nxf6+ {[%emt 0:00:00]} exf6 {[%emt 0:00:17]} 6. Bc4 {[%emt 0:00:08]} Bd6 {[%emt 0:02:12]} 7. d3 {[%emt 0:00:07]} O-O {[%emt 0:00:44]} 8. h3 {[%emt 0:01:16]} Re8+ {[%emt 0:02:43]} 9. Ne2 {[%emt 0:00:07]} Bc5 {[%emt 0:01:26]} 10. d4 {[%emt 0:00:15]} Bxd4 {[%emt 0:00:38]} 11. c3 {[%emt 0:00:09]} Bb6 {[%emt 0:01:17]} 12. Qb3 {[%emt 0:00:08]} Be6 {[%emt 0:01:14]} 13. Bd2 {[%emt 0:00:05]} Na6 {[%emt 0:02:06]} 14. f5 {[%emt 0:01:28]} Bxc4 {[%emt 0:00:54]} 15. Qxc4 {[%emt 0:00:01]} Nc5 {[%emt 0:02:22]} 16. Qd4 {[%emt 0:01:59]} Nd3+ {[%emt 0:00:17]} 0-1

[Event "127th NZ Congress Major 2020"]
[Site "Tauranga"]
[Date "2020.01.17"]
[Round "4.4"]
[White "Henry, Paul"]
[Black "Perrin, Brent"]
[Result "0-1"]
[WhiteElo "2375"]
[BlackElo "1804"]
[Annotator "TA"]
[PlyCount "62"]
[EventDate "2020.01.14"]
[EventType "swiss"]
[EventCountry "NZL"]
[SourceTitle "playchess.com"]
[Source "ChessBase"]
[SourceQuality "1"]

{[%evp 9,124,32,38,37,31,17,75,31,60,37,79,33,75,65,73,64,69,54,56,23,114,50,58,50,54,44,59,50,60,54,69,31,115,47,48,39,45,29,88,35,31,0,0,-50,-50,-48,0,0,179,-6,-6,-78,-86,-83,-5,-5,-7,0,-3,0,43,12,59,68,34,30,81,97,98,60,181,179,206,17,18,0,0,0,4,0,0,0,0,-8,0,-315,-293,-287,-288,-270,-293,-390,-381,-320,-5,-5,0,0,0,0,0,0,0,-400,-383,-29989,-29990,-29990,-29987,-29987,-29988,-29988,-29988,-29992,-29993,-29993,-29994]} 1. c4 e6 2. g3 f5 3. Bg2 Nf6 4. e3 Be7 5. Ne2 O-O 6. O-O {A10: English Opening: Unusual Replies for Black.} d6 7. b3 Nc6 (7... c6 $11) 8. Bb2 {[#] White is better.} Qe8 $146 ({Predecessor:} 8... e5 9. d4 e4 10. a3 Qe8 11. b4 Bd7 12. Nd2 g5 13. Nb3 Qg6 14. b5 Nd8 {1-0 (47) Fuertes Buisac,B (1842)-Ten Gomez,S (1807) Mataro 2016}) 9. Nbc3 e5 10. f4 Kh8 11. d3 a5 12. Nd5 Bd8 13. Nec3 Nb4 14. Qd2 Na6 (14... Nbxd5 $11 15. cxd5 (15. Nxd5 c6 $14) 15... Bd7) 15. e4 (15. Nxf6 $16 gxf6 16. e4) 15... Nxd5 $1 $14 16. Nxd5 c6 $1 {[%cal Rc6d5]} 17. Nc3 Bb6+ 18. Kh1 Bd4 19. Na4 Bxb2 20. Qxb2 fxe4 ({Black should play} 20... exf4 $14 21. Rxf4 fxe4) 21. dxe4 (21. fxe5 $16 Rxf1+ 22. Rxf1) 21... exf4 22. gxf4 Bg4 23. Qd2 Qe7 (23... Qh5 $11) 24. h3 (24. Rae1 $1 $16) 24... Bh5 25. Nb6 Rae8 26. Qxa5 Nc5 27. Rae1 Qc7 28. e5 Bg6 $2 (28... Nd3 $11 {and Black has nothing to worry.} 29. exd6 Qxd6 30. Rxe8 Bxe8) 29. exd6 $2 (29. f5 $1 $18) 29... Qxd6 $11 30. Rd1 (30. Rxe8 $11 {keeps the balance.} Rxe8 31. f5) 30... Nd3 31. c5 Qe7 {Played: Nd3-f2} 0-1

[Event "127th NZ Congress Major 2020"]
[Site "Tauranga"]
[Date "2020.01.17"]
[Round "4.5"]
[White "Deng, Abraham"]
[Black "Gold, Hamish"]
[Result "0-1"]
[WhiteElo "1558"]
[BlackElo "1683"]
[Annotator "NA"]
[PlyCount "140"]
[EventDate "2020.01.14"]
[EventType "swiss"]
[EventCountry "NZL"]
[SourceTitle "playchess.com"]
[Source "ChessBase"]
[SourceQuality "1"]
[TimeControl "40/5400+30:1800+30"]

1. e4 {[%emt 0:00:00]} Nc6 {[%emt 0:00:00]} 2. Nf3 {[%emt 0:00:06]} f5 {[%emt 0:00:21]} 3. Nc3 {[%emt 0:00:52]} d6 {[%emt 0:01:51]} 4. d4 {[%emt 0:01:10]} fxe4 {[%emt 0:02:35]} 5. Nxe4 {[%emt 0:00:13]} Bf5 {[%emt 0:00:46]} 6. Ng3 {[%emt 0:02:12]} Bg6 {[%emt 0:02:05]} 7. Bc4 {[%emt 0:01:07]} d5 {[%emt 0:02:34]} 8. Bb5 {[%emt 0:00:31]} Qd6 {[%emt 0:00:47]} 9. O-O {[%emt 0:01:23]} O-O-O {[%emt 0:01:27]} 10. Re1 {[%emt 0:02:52]} Nf6 {[%emt 0:00:59]} 11. c3 {[%emt 0:02:19]} Ne4 {[%emt 0:01:05]} 12. Nxe4 {[%emt 0:01:06]} dxe4 {[%emt 0:03:05]} 13. Bxc6 {[%emt 0:00:52]} Qxc6 {[%emt 0:04:10]} 14. Ne5 {[%emt 0:00:52]} Qd6 {[%emt 0:02:35]} 15. Qg4+ {[%emt 0:01:16]} e6 {[%emt 0:01:00]} 16. Nxg6 {[%emt 0:01:16]} hxg6 {[%emt 0:00:15]} 17. Bf4 {[%emt 0:00:14]} Qd5 {[%emt 0:01:06]} 18. Be5 {[%emt 0:02:38]} Bd6 {[%emt 0:01:58]} 19. Rxe4 {[%emt 0:00:27]} Kb8 {[%emt 0:01:37]} 20. Bxd6 {[%emt 0:01:37]} Qxd6 {[%emt 0:00:31]} 21. h3 {[%emt 0:00:34]} Qb6 {[%emt 0:01:40]} 22. b3 {[%emt 0:01:08]} Qa5 {[%emt 0:03:48]} 23. Re3 {[%emt 0:04:16]} a6 {[%emt 0:08:15]} 24. Qxg6 {[%emt 0:00:52]} c5 {[%emt 0:03:15]} 25. Qxg7 {[%emt 0:02:22]} cxd4 {[%emt 0:00:48]} 26. cxd4 {[%emt 0:01:07]} Ka8 {[%emt 0:02:04]} 27. Rxe6 {[%emt 0:01:04]} Rhg8 {[%emt 0:01:21]} 28. Qe5 {[%emt 0:00:48]} Qc3 {[%emt 0:00:40]} 29. Re1 {[%emt 0:06:26]} Qxh3 {[%emt 0:01:02]} 30. Qh2 {[%emt 0:00:33]} Qc3 {[%emt 0:01:44]} 31. Qe5 {[%emt 0:01:02]} Qh3 {[%emt 0:00:43]} 32. Qh2 {[%emt 0:01:39]} Qc3 {[%emt 0:03:21]} 33. d5 {[%emt 0:01:27]} Rh8 {[%emt 0:03:11]} 34. Qe5 {[%emt 0:00:57]} Qc2 {[%emt 0:04:36]} 35. Qe2 {[%emt 0:03:07]} Qh7 {[%emt 0:00:53]} 36. f3 {[%emt 0:00:39]} Qh2+ {[%emt 0:01:01]} 37. Kf2 {[%emt 0:00:57]} Qh4+ {[%emt 0:00:54]} 38. Ke3 {[%emt 0:01:41]} Rxd5 {[%emt 0:01:47]} 39. Rxa6+ {[%emt 0:20:25]} Kb8 {[%emt 0:02:36]} 40. Ra4 {[%emt 0:00:00]} Qg5+ {[%emt 0:00:00]} 41. Kf2 {[%emt 0:06:00]} Rd2 {[%emt 0:01:45]} 42. Qxd2 {[%emt 0:04:28]} Qxd2+ {[%emt 0:00:18]} 43. Re2 {[%emt 0:00:09]} Qg5 {[%emt 0:00:40]} 44. Rc4 {[%emt 0:00:57]} Rg8 {[%emt 0:02:30]} 45. Kf1 {[%emt 0:01:10]} Rd8 {[%emt 0:01:02]} 46. Ke1 {[%emt 0:00:45]} Qg3+ {[%emt 0:00:49]} 47. Rf2 {[%emt 0:00:27]} Qd6 {[%emt 0:01:02]} 48. Re2 {[%emt 0:00:40]} Qh2 {[%emt 0:02:42]} 49. Kf1 {[%emt 0:02:17]} Rd1+ {[%emt 0:02:39]} 50. Kf2 {[%emt 0:01:03]} Rd8 {[%emt 0:02:37]} 51. Kf1 {[%emt 0:01:29]} Qg3 {[%emt 0:00:47]} 52. Rf2 {[%emt 0:02:33]} Qe5 {[%emt 0:02:36]} 53. Re2 {[%emt 0:02:54]} Qf6 {[%emt 0:02:55]} 54. Ke1 {[%emt 0:01:43]} Qb6 {[%emt 0:01:00]} 55. Ree4 {[%emt 0:10:06]} Qg1+ {[%emt 0:01:27]} 56. Ke2 {[%emt 0:00:08]} Qxg2+ {[%emt 0:00:22]} 57. Ke1 {[%emt 0:00:27]} Qd2+ {[%emt 0:02:49]} 58. Kf1 {[%emt 0:00:09]} Rh8 {[%emt 0:00:22]} 59. Rh4 {[%emt 0:01:28]} Rf8 {[%emt 0:00:42]} 60. Rh3 {[%emt 0:02:09]} Rd8 {[%emt 0:02:02]} 61. Re4 {[%emt 0:01:42]} Qxa2 {[%emt 0:00:53]} 62. f4 {[%emt 0:01:23]} Rg8 {[%emt 0:01:51]} 63. Rhe3 {[%emt 0:02:21]} Qb1+ {[%emt 0:01:39]} 64. Re1 {[%emt 0:05:01]} Qd3+ {[%emt 0:01:05]} 65. Kf2 {[%emt 0:01:00]} Qg3+ {[%emt 0:01:03]} 66. Ke2 {[%emt 0:00:12]} Qxb3 {[%emt 0:00:28]} 67. Kd2 {[%emt 0:01:24]} Rd8+ {[%emt 0:01:51]} 68. Kc1 {[%emt 0:01:33]} Qc3+ {[%emt 0:03:13]} 69. Kb1 {[%emt 0:00:07]} Rd2 {[%emt 0:01:00]} 70. Re8+ {[%emt 0:01:08]} Ka7 {[%emt 0:00:21]} 0-1

[Event "127th NZ Congress Major 2020"]
[Site "Tauranga"]
[Date "2020.01.18"]
[Round "5.1"]
[White "Dai, Oliver"]
[Black "Tang, Hao"]
[Result "1-0"]
[WhiteElo "1737"]
[BlackElo "1624"]
[Annotator "NA RC"]
[PlyCount "75"]
[EventDate "2020.01.14"]
[EventType "swiss"]
[EventCountry "NZL"]
[SourceTitle "playchess.com"]
[Source "ChessBase"]
[SourceQuality "1"]
[TimeControl "40/5400+30:1800+30"]

1. e4 {[%emt 0:00:00]} e6 {[%emt 1:30:30]} 2. d4 {[%emt 0:00:00]} d5 {[%emt 0:00:30]} 3. Nd2 {[%emt 0:00:00]} Nf6 {[%emt 0:00:00]} 4. e5 {[%emt 0:00:02]} Nfd7 {[%emt 0:00:00]} 5. Bd3 {[%emt 0:00:12]} b6 {[%emt 0:00:00]} 6. Ngf3 {[%emt 0:00:25]} Ba6 {[%emt 0:00:00]} 7. Bxa6 {[%emt 0:01:21]} Nxa6 {[%emt 0:00:00]} 8. O-O {[%emt 0:02:08]} c5 {[%emt 0:00:00]} 9. c3 {[%emt 0:00:21]} Be7 {[%emt 0:00:00]} 10. b3 {[%emt 0:03:20]} cxd4 {[%emt 0:00:00]} 11. Nxd4 {[%emt 0:01:40]} Rc8 {[%emt 0:00:00]} 12. Bb2 {[%emt 0:03:10]} Nac5 {[%emt 0:00:00]} 13. Qe2 {[%emt 0:05:14]} O-O {[%emt 0:00:00]} 14. f4 {[%emt 0:02:35]} g6 {[%emt 0:00:00]} 15. Kh1 {[%emt 0:01:45]} Qc7 {[%emt 0:00:00]} 16. c4 {[%emt 0:06:51]} Qb7 {[%emt 0:00:00]} 17. Rad1 {[%emt 0:03:24]} Rfd8 {[%emt 0:00:00]} 18. cxd5 {[%emt 0:09:48]} Qxd5 {[%emt 0:00:00]} 19. Nc4 {[%emt 0:06:09]} Qe4 {[%emt 0:00:00]} 20. Qd2 {[%emt 0:04:11]} Nb8 {[%emt 0:00:00]} 21. Rfe1 {[%emt 0:01:05]} Qb7 {[%emt 0:00:00]} 22. Qe3 {[%emt 0:03:15]} b5 {[%emt 0:00:00]} 23. Nd6 {[%emt 0:08:32]} Bxd6 {[%emt 0:00:00]} 24. exd6 {[%emt 0:00:08]} Rxd6 {[%emt 0:00:00]} 25. Nxb5 {[%emt 0:06:03]} Rxd1 {[%emt 0:00:00]} 26. Rxd1 {[%emt 0:00:10]} Qe4 {[%emt 0:04:19]} 27. Qxc5 {[%emt 0:01:18]} Qe1+ {[%emt 0:02:05]} 28. Rxe1 {[%emt 0:00:12]} Rxc5 {[%emt 0:00:08]} 29. Rc1 {[%emt 0:00:23]} Rxc1+ {[%emt 0:01:23]} 30. Bxc1 {[%emt 0:00:08]} Nc6 {[%emt 0:00:08]} 31. Be3 {[%emt 0:00:47]} a6 {[%emt 0:01:02]} 32. Nc7 {[%emt 0:00:32]} a5 {[%emt 0:00:07]} 33. Kg1 {[%emt 0:00:15]} Kf8 {[%emt 0:00:15]} 34. Bc5+ {[%emt 0:00:16]} Kg7 {[%emt 0:00:13]} 35. Ne8+ {[%emt 0:00:30]} Kh6 {[%emt 0:00:50]} 36. Bf8+ {[%emt 0:00:34]} Kh5 {[%emt 0:00:24]} 37. Nf6+ {[%emt 0:00:13]} Kh4 {[%emt 0:00:19]} 38. Bc5 {[%emt 0:00:20]} 1-0

[Event "127th NZ Congress Major 2020"]
[Site "Tauranga"]
[Date "2020.01.18"]
[Round "5.2"]
[White "Perrin, Brent"]
[Black "Patterson, Miles"]
[Result "0-1"]
[WhiteElo "1804"]
[BlackElo "1954"]
[Annotator "NA RC"]
[PlyCount "99"]
[EventDate "2020.01.14"]
[EventType "swiss"]
[EventCountry "NZL"]
[SourceTitle "playchess.com"]
[Source "ChessBase"]
[SourceQuality "1"]
[TimeControl "40/5400+30:1800+30"]

1. e4 {[%emt 0:00:00]} e6 {[%emt 0:00:00]} 2. d4 {[%emt 0:00:00]} d5 {[%emt 0:00:00]} 3. Nd2 {[%emt 0:00:00]} Nf6 {[%emt 0:00:00]} 4. e5 {[%emt 0:00:00]} Nfd7 {[%emt 0:00:00]} 5. Bd3 {[%emt 0:00:00]} c5 {[%emt 0:00:06]} 6. c3 {[%emt 0:00:05]} Nc6 {[%emt 0:00:10]} 7. Ngf3 {[%emt 0:00:16]} g6 {[%emt 0:00:21]} 8. h4 {[%emt 0:03:57]} h6 {[%emt 0:02:25] C06: French Tarrasch: 3...Nf6 4 e5 Nfd7 5 Bd3 main lines} 9. Bc2 {[%emt 0:05:06]} (9. Qe2 Bg7 10. a3 a5 11. Qe3 b6 12. Nf1 Ba6 13. Bxa6 Rxa6 14. N1h2 Ra7 15. Ng4 a4 16. Qf4 {0-1 (53) Guseinov,G (2646)-Socko,B (2593) Riadh 2017}) 9... b6 {[%emt 0:08:44]} 10. O-O {[%emt 0:04:57]} Ba6 {[%emt 0:00:38]} 11. Re1 {[%emt 0:00:10]} cxd4 {[%emt 0:00:52]} 12. cxd4 {[%emt 0:01:28]} Be7 $146 {[%emt 0:05:16]} ({Predecessor:} 12... Nb4 13. Nb1 Qc7 14. Nc3 Nxc2 15. Qxc2 O-O-O 16. Bf4 {1-0 (57) Gopal,G (2528)-Ghane Gardeh,S (2442) Vishakapatnam 2008}) 13. a3 {[%emt 0:08:54]} Na5 {[%emt 0:05:00]} 14. b3 {[%emt 0:04:21]} Rc8 {[%emt 0:00:37]} 15. Bb2 {[%emt 0:02:10]} Nb8 {[%emt 0:15:04]} 16. Rc1 {[%emt 0:06:43]} O-O {[%emt 0:04:18] [#]} ({Black should play} 16... Bxh4 $14 17. Nxh4 Qxh4) 17. h5 $1 {[%emt 0:01:00]} g5 {[%emt 0:00:16]} 18. Nf1 {[%emt 0:03:19]} Kg7 {[%emt 0:02:12]} 19. Ne3 {[%emt 0:01:58]} Rc7 {[%emt 0:07:41]} 20. Ng4 {[%emt 0:09:02]} Nd7 {[%emt 0:03:29]} 21. Qd2 {[%emt 0:08:03]} Rh8 {[%emt 0:06:25]} 22. Qe3 {[%emt 0:05:04]} Qf8 {[%emt 0:10:12]} 23. Bb1 {[%emt 0:09:59]} Rxc1 {[%emt 0:02:20]} 24. Rxc1 {[%emt 0:00:06]} Qd8 {[%emt 0:00:07]} 25. Nd2 {[%emt 0:03:54]} Qb8 {[%emt 0:06:41]} 26. Kh2 {[%emt 0:05:28]} (26. Qf3 $16) 26... f5 {[%emt 0:00:40]} 27. f3 $2 {[%emt 0:02:55]} (27. Bd3 $11 Bc8 28. b4) 27... Rc8 $2 {[%emt 0:07:03]} (27... fxg4 $19 28. Bd3 b5) 28. Nf2 {[%emt 0:00:52]} Rxc1 {[%emt 0:00:05]} 29. Bxc1 {[%emt 0:00:10]} Qc8 {[%emt 0:02:00]} 30. Bb2 {[%emt 0:00:14]} Nf8 {[%emt 0:03:13]} 31. g4 {[%emt 0:00:33]} f4 {[%emt 0:00:09]} 32. Qe1 {[%emt 0:00:12]} Bb5 {[%emt 0:02:18]} 33. Nd3 {[%emt 0:01:11]} Nb7 {[%emt 0:03:03]} 34. Qd1 {[%emt 0:01:07]} a5 {[%emt 0:00:20]} 35. Bc2 {[%emt 0:03:49]} Ba6 {[%emt 0:00:21]} 36. Nb1 {[%emt 0:00:29]} Qc6 {[%emt 0:02:07]} 37. a4 {[%emt 0:03:50]} Nd8 {[%emt 0:00:32]} 38. Ba3 $2 {[%emt 0:01:12]} (38. Kg2 $11) 38... Bxa3 {[%emt 0:00:17]} 39. Nxa3 {[%emt 0:00:08]} Qc3 {[%emt 0:00:19]} 40. Nc1 {[%emt 0:00:00]} Nc6 {[%emt 0:00:00]} 41. Nb5 {[%emt 0:15:26]} Bxb5 {[%emt 0:01:24]} 42. axb5 {[%emt 0:02:35]} Nxd4 {[%emt 0:00:33] Double Attack} 43. Bb1 {[%emt 0:01:30]} Nxf3+ $19 {[%emt 0:01:11]} 44. Kh1 {[%emt 0:01:13]} Qe1+ {[%emt 0:06:54]} 45. Qxe1 {[%emt 0:00:06]} Nxe1 {[%emt 0:00:04]} 46. Ne2 {[%emt 0:00:13]} Nf3 {[%emt 0:00:24]} 47. Bc2 {[%emt 0:00:28]} Nxe5 {[%emt 0:00:29]} 48. b4 {[%emt 0:00:03]} axb4 {[%emt 0:00:27]} 49. Nd4 {[%emt 0:00:30]} Nxg4 {[%emt 0:01:07]} 50. Nc6 {[%emt 0:00:19]} 0-1

[Event "127th NZ Congress Major 2020"]
[Site "Tauranga"]
[Date "2020.01.18"]
[Round "5.3"]
[White "Gold, Hamish"]
[Black "Taylor, Stephan James"]
[Result "1-0"]
[WhiteElo "1683"]
[BlackElo "1528"]
[Annotator "NA RC"]
[PlyCount "39"]
[EventDate "2020.01.14"]
[EventType "swiss"]
[EventCountry "NZL"]
[SourceTitle "playchess.com"]
[Source "ChessBase"]
[SourceQuality "1"]
[TimeControl "40/5400+30:1800+30"]

1. e3 {[%emt 0:00:00]} e6 {[%emt 0:02:29]} 2. d4 {[%emt 0:00:46]} b6 {[%emt 0:00:23]} 3. f4 {[%emt 0:01:16]} Bb7 {[%emt 0:00:29]} 4. Nf3 {[%emt 0:00:59]} f5 {[%emt 0:03:13]} 5. Bd3 {[%emt 0:02:15]} Nf6 {[%emt 0:00:21]} 6. O-O {[%emt 0:00:49]} Be7 {[%emt 0:00:21]} 7. Nbd2 {[%emt 0:02:00]} O-O {[%emt 0:00:13]} 8. b3 {[%emt 0:00:36]} d6 {[%emt 0:03:44]} 9. Bb2 {[%emt 0:03:49]} Nbd7 {[%emt 0:00:22]} 10. Rc1 {[%emt 0:01:00]} Qe8 {[%emt 0:00:31]} 11. Ng5 {[%emt 0:02:59]} Nd5 {[%emt 0:00:32]} 12. Qe2 {[%emt 0:05:21]} Bxg5 {[%emt 0:02:17]} 13. fxg5 {[%emt 0:01:24]} Nb4 {[%emt 0:00:52]} 14. a3 {[%emt 0:09:46]} Nxd3 {[%emt 0:00:24]} 15. cxd3 {[%emt 0:00:34]} c5 {[%emt 0:00:21]} 16. e4 {[%emt 0:02:56]} f4 {[%emt 0:02:59]} 17. Qg4 {[%emt 0:01:05]} e5 {[%emt 0:00:13]} 18. Nc4 {[%emt 0:01:37]} Qe7 {[%emt 0:00:07]} 19. d5 {[%emt 0:05:05]} Bc8 {[%emt 0:00:28]} 20. Qe6+ {[%emt 0:01:42]} 1-0

[Event "127th NZ Congress Major 2020"]
[Site "Tauranga"]
[Date "2020.01.17"]
[Round "5.4"]
[White "Ashe, Michael"]
[Black "Knightbridge, Wayne"]
[Result "0-1"]
[WhiteElo "1460"]
[BlackElo "1676"]
[Annotator "NA RC"]
[PlyCount "177"]
[EventDate "2020.01.14"]
[EventType "swiss"]
[EventCountry "NZL"]
[SourceTitle "playchess.com"]
[Source "ChessBase"]
[SourceQuality "1"]
[TimeControl "40/5400+30:1800+30"]

1. d4 {[%emt 0:00:00]} d5 {[%emt 0:00:00]} 2. c4 {[%emt 0:00:00]} e6 {[%emt 0:00:00]} 3. Nc3 {[%emt 0:00:00]} Nf6 {[%emt 0:00:06]} 4. cxd5 {[%emt 0:00:05]} exd5 {[%emt 0:00:22]} 5. Bg5 {[%emt 0:00:18]} Be7 {[%emt 0:06:56]} 6. e3 {[%emt 0:00:15]} O-O {[%emt 0:04:24]} 7. Bd3 {[%emt 0:00:22]} c6 {[%emt 1:21:42]} 8. Qc2 {[%emt 0:00:30]} Nbd7 {[%emt 0:01:11]} 9. Nf3 {[%emt 0:00:20]} Re8 {[%emt 0:03:52]} 10. O-O {[%emt 0:00:19]} h6 {[%emt 0:10:11]} 11. Bh4 {[%emt 0:02:25]} Ne4 {[%emt 1:05:51]} 12. Bxe7 {[%emt 0:03:44]} Qxe7 {[%emt 0:00:04]} 13. Rab1 {[%emt 0:03:28]} Nxc3 {[%emt 0:54:59]} 14. bxc3 {[%emt 0:04:12]} b5 {[%emt 0:02:37]} 15. Nd2 {[%emt 0:04:44]} Qg5 {[%emt 0:15:30]} 16. e4 {[%emt 0:06:24]} Nb6 {[%emt 0:07:25]} 17. exd5 {[%emt 0:06:04]} Nxd5 {[%emt 0:29:42]} 18. Ne4 {[%emt 0:04:12]} Qh5 {[%emt 0:07:39]} 19. Rbe1 {[%emt 0:07:02]} Be6 {[%emt 0:01:33]} 20. Nc5 {[%emt 0:03:36]} Nf4 {[%emt 0:01:21]} 21. Nxe6 {[%emt 0:06:46]} Nxd3 {[%emt 0:01:22]} 22. Qxd3 {[%emt 0:00:29]} Rxe6 {[%emt 0:00:09]} 23. Rxe6 {[%emt 0:00:28]} fxe6 {[%emt 0:00:02]} 24. Qe4 {[%emt 0:01:56]} Qd5 {[%emt 0:00:29]} 25. Qe2 {[%emt 0:01:51]} Rf8 {[%emt 0:00:32]} 26. Re1 {[%emt 0:00:39]} Rf6 {[%emt 0:00:12]} 27. Qc2 {[%emt 0:01:00]} Qc4 {[%emt 0:00:00]} 28. g3 {[%emt 0:02:36]} Rf8 {[%emt 0:00:00]} 29. Rb1 {[%emt 0:40:45]} Rf3 {[%emt 0:01:30]} 30. Rc1 {[%emt 0:04:24]} Qd3 {[%emt 0:00:00]} 31. Qb3 {[%emt 0:03:12]} Qc4 {[%emt 0:00:13]} 32. Qxc4 {[%emt 0:00:21]} bxc4 {[%emt 0:00:08]} 33. Kf1 {[%emt 0:01:14]} Rd3 {[%emt 0:00:57]} 34. Ke2 {[%emt 0:00:12]} Kh7 {[%emt 0:00:51]} 35. f4 {[%emt 0:00:09]} Kg6 {[%emt 0:00:10]} 36. Rc2 {[%emt 0:00:14]} Kf5 {[%emt 0:00:28]} 37. Kf2 {[%emt 0:33:00]} Rd1 {[%emt 0:00:54]} 38. Re2 {[%emt 0:31:52]} Kf6 {[%emt 0:00:39]} 39. Rc2 {[%emt 0:07:17]} Rd3 {[%emt 0:00:43]} 40. Ke2 {[%emt 0:00:00]} Ke7 {[%emt 0:00:00]} 41. a4 {[%emt 0:01:24]} Kd6 {[%emt 0:03:42]} 42. a5 {[%emt 0:00:27]} Kc7 {[%emt 0:03:59]} 43. Rb2 {[%emt 0:04:55]} Rxc3 {[%emt 0:01:51]} 44. Kd1 {[%emt 0:00:15]} Ra3 {[%emt 0:05:18]} 45. Rc2 {[%emt 0:04:58]} Rxa5 {[%emt 0:00:27]} 46. Rxc4 {[%emt 0:00:21]} Ra2 {[%emt 0:00:21]} 47. Rc3 {[%emt 0:06:59]} g6 {[%emt 0:01:24]} 48. h4 {[%emt 0:00:39]} a5 {[%emt 0:01:07]} 49. Kc1 {[%emt 0:01:27]} Kd6 {[%emt 0:00:40]} 50. Kb1 {[%emt 0:03:16]} Ra4 {[%emt 0:00:08]} 51. h5 {[%emt 0:02:08]} gxh5 {[%emt 0:00:23]} 52. Rc5 {[%emt 0:00:48]} Rb4+ {[%emt 0:00:59]} 53. Ka2 {[%emt 0:02:22]} Rb5 {[%emt 0:00:43]} 54. Rc2 {[%emt 0:30:03]} Rb4 {[%emt 0:10:25]} 55. Rc5 {[%emt 0:02:32]} Rb5 {[%emt 0:00:37]} 56. Rc2 {[%emt 0:00:36]} h4 {[%emt 0:01:13]} 57. gxh4 {[%emt 0:05:34]} Rb4 {[%emt 0:01:42]} 58. Rc5 {[%emt 0:17:49]} Rb5 {[%emt 0:00:38]} 59. Rc2 {[%emt 0:02:06]} Rf5 {[%emt 0:00:14]} 60. Rf2 {[%emt 0:01:35]} Kd5 {[%emt 0:00:16]} 61. Kb3 {[%emt 0:00:48]} Kxd4 {[%emt 0:00:14]} 62. Rd2+ {[%emt 0:01:00]} Kc5 {[%emt 0:01:11]} 63. Rc2+ {[%emt 0:00:32]} Kd6 {[%emt 0:00:44]} 64. Rd2+ {[%emt 0:13:08]} Ke7 {[%emt 0:00:06]} 65. Rd4 {[%emt 0:01:15]} Kf6 {[%emt 0:00:15]} 66. Rc4 {[%emt 0:01:03]} c5 {[%emt 0:00:24]} 67. Ka4 {[%emt 0:00:29]} Kg6 {[%emt 0:00:13]} 68. Re4 {[%emt 0:01:25]} Kh5 {[%emt 0:00:16]} 69. Rxe6 {[%emt 0:00:28]} Rxf4+ {[%emt 0:00:04]} 70. Kxa5 {[%emt 0:00:49]} c4 {[%emt 0:00:21]} 71. Kb4 {[%emt 0:01:32]} Rxh4 {[%emt 0:00:07]} 72. Kc3 {[%emt 0:03:23]} Kg4 {[%emt 0:02:20]} 73. Kxc4 {[%emt 0:00:50]} Kf5+ {[%emt 0:00:05]} 74. Kd5 {[%emt 0:00:30]} h5 {[%emt 0:01:27]} 75. Re5+ {[%emt 0:06:09]} Kf4 {[%emt 0:00:07]} 76. Re4+ {[%emt 0:00:49]} Kg3 {[%emt 0:00:05]} 77. Re8 {[%emt 0:02:10]} Rf4 {[%emt 0:01:47]} 78. Ke5 {[%emt 0:02:44]} h4 {[%emt 0:01:10]} 79. Rg8+ {[%emt 0:00:52]} Rg4 {[%emt 0:00:06]} 80. Ra8 {[%emt 0:00:27]} h3 {[%emt 0:04:48]} 81. Ra3+ {[%emt 0:00:39]} Kh4 {[%emt 0:04:58]} 82. Ra2 {[%emt 0:00:27]} Rg2 {[%emt 0:01:19]} 83. Ra4+ {[%emt 0:00:14]} Kg3 {[%emt 0:02:25]} 84. Ra3+ {[%emt 0:00:09]} Kh2 {[%emt 0:00:05]} 85. Ra1 {[%emt 0:00:20]} Rf2 {[%emt 0:03:00]} 86. Ra8 {[%emt 0:00:26]} Kg1 {[%emt 0:00:40]} 87. Ke4 {[%emt 0:01:21]} h2 {[%emt 0:01:04]} 88. Rg8+ {[%emt 0:00:16]} Rg2 {[%emt 0:00:17]} 89. Rh8 {[%emt 0:01:39]} 0-1

[Event "127th NZ Congress Major 2020"]
[Site "Tauranga"]
[Date "2020.01.18"]
[Round "5.5"]
[White "Carpinter, Bernard"]
[Black "Thurner, Anya"]
[Result "1/2-1/2"]
[WhiteElo "1708"]
[BlackElo "1278"]
[Annotator "NA"]
[PlyCount "35"]
[EventDate "2020.01.14"]
[EventType "swiss"]
[EventCountry "NZL"]
[SourceTitle "playchess.com"]
[Source "ChessBase"]
[SourceQuality "1"]
[TimeControl "40/5400+30:1800+30"]

1. d4 {[%emt 0:00:00]} d5 {[%emt 0:00:00]} 2. c4 {[%emt 0:00:00]} e6 {[%emt 0:00:00]} 3. g3 {[%emt 0:00:00]} Nf6 {[%emt 0:00:12]} 4. Bg2 {[%emt 0:00:08]} Be7 {[%emt 0:00:53]} 5. Nf3 {[%emt 0:00:15]} O-O {[%emt 0:00:44]} 6. O-O {[%emt 0:00:08]} Nbd7 {[%emt 0:00:53]} 7. Qc2 {[%emt 0:00:24]} c6 {[%emt 0:02:02]} 8. Nbd2 {[%emt 0:00:19]} b6 {[%emt 0:02:44]} 9. b3 {[%emt 0:00:19]} Bb7 {[%emt 0:02:11]} 10. Bb2 {[%emt 0:00:09]} Rc8 {[%emt 0:02:03]} 11. e4 {[%emt 0:01:48]} Qc7 {[%emt 0:02:51]} 12. e5 {[%emt 0:00:35]} Ne8 {[%emt 0:01:01]} 13. cxd5 {[%emt 0:04:38]} exd5 {[%emt 0:01:24]} 14. Rac1 {[%emt 0:01:31]} Qb8 {[%emt 0:05:00]} 15. Qd3 {[%emt 0:02:32]} Nc7 {[%emt 0:11:22]} 16. Rfe1 {[%emt 0:00:32]} Ne6 {[%emt 0:01:52]} 17. h4 {[%emt 0:03:04]} Rfd8 {[%emt 0:07:46]} 18. Nh2 {[%emt 0:00:38]} 1/2-1/2